Platón : una introducción

Guardat en:
Dades bibliogràfiques
Autor principal: Gorgemanns, Herwig (autor)
Altres autors: Fernández, Javier (traducción), Giménez, José Antonio (revisión)
Format: Llibre
Idioma:espanyol
Publicat: Santiago, Chile: Instituto de Estudios de la Sociedad, 2010.
Edició:Primera edición en español
Col·lecció:Colección IES
Matèries:
Etiquetes: Afegir etiqueta
Sense etiquetes, Sigues el primer a etiquetar aquest registre!

MARC

LEADER 00000cam a2200000 a 4500
001 UCD6065
003 CL-VaPUC
005 20240821151247.0
008 161118e20100000cl |||||||||||||||||spa|d
999 |c 366488  |d 366486 
020 |a 978-956-8639-10-5 
040 |c Pontificia Universidad Católica de Valparaíso 
082 0 4 |a 184  |b GOR  |2 21 
100 |a Gorgemanns, Herwig  |e autor  |9 589774 
245 1 0 |a Platón  |b : una introducción 
250 |a Primera edición en español 
260 |a Santiago, Chile:  |b Instituto de Estudios de la Sociedad,  |c 2010. 
300 |a 184 páginas 
490 0 |a Colección IES 
583 |a last modification  |c 20170404 09:03:49  |k Rodrigo Vera 
600 0 |a Platón  |2 CL-VaPUC  |9 861197  |d 427 A.C. - 347 A.C.  |x Obras 
650 0 |a Filosofía griega  |9 265579  |x Filosofía teórica   |x Filosofía práctica 
650 0 |a Platonismo  |9 265673 
700 |9 890739  |a Fernández, Javier  |e traducción 
700 |9 890740  |a Giménez, José Antonio  |e revisión 
942 |c BK  |2 ddc 
945 |d 20161118 09:36:00  |a dcastane 
952 |0 0  |1 0  |3 erd  |4 0  |6 184_000000000000000_GOR_2010  |7 0  |8 A  |9 480752  |a BIBEDU  |b BIBEDU  |i 5348056  |l 3  |m 2  |o 184 GOR 2010  |p 5348056  |r 2025-03-26  |s 2025-03-19  |w 2019-11-24  |y BK  |z Catalogado en:20161118  |k FIL 
952 |0 0  |1 0  |3 erb  |4 0  |6 184_000000000000000_GOR_2010  |7 0  |8 A  |9 480753  |a BIBTEO  |b BIBTEO  |i 5371538  |l 8  |m 3  |o 184 GOR 2010  |p 5371538  |r 2025-04-11  |s 2025-03-24  |w 2019-11-24  |y BK  |z Catalogado en:20170407  |k ICR 
952 |0 0  |1 0  |3 erb  |4 0  |6 184_000000000000000_GOR_2010  |7 0  |8 A  |9 480754  |a BIBTEO  |b BIBTEO  |i 5371546  |l 5  |m 2  |o 184 GOR 2010  |p 5371546  |q 2025-05-02  |r 2025-04-09  |s 2025-04-09  |w 2019-11-24  |y BK  |z Catalogado en:20170407  |k ICR